000 00464nam a2200181Ia 4500
008 230524s9999 xx 000 0 und d
020 _a9788177000009
082 _a621.57
_bDOM
100 _aS. Domkundwar
245 2 _aA Course in Refrigeration and Air-Conditioning
250 _a8
260 _aNew Delhi
_bDhanpaat Rai & Co
_c2013
300 _a"1;34.27p,"
500 _aQuantity Number: 30
650 _aMechanics
700 _aC P Arora
942 _cBK
999 _c54355
_d54355